[Event "45th Olympiad Budapest 2024"]
[Site "Budapest"]
[Date "2024.09.13"]
[Round "3"]
[Board "1"]
[White "Silva, Mariana"]
[Black "Aliu, Arlinda"]
[Result "1-0"]
[WhiteElo "2005"]
[BlackElo "1780"]
[PlyCount "61"]
[EventDate "2024.09.11"]
[EventType "team-tourn"]
[EventRounds "11"]
[EventCountry "HUN"]
[WhiteTeam "Portugal"]
[BlackTeam "Kosovo *"]
[WhiteTeamCountry "POR"]

1. d4 {[%emt 0:00:19]} Nf6 {[%emt 0:00:08]} 2. c4 {[%emt 0:00:17]} g6 {[%emt 0:00:09]} 3. Nc3 {[%emt 0:00:08]} Bg7 {[%emt 0:00:09]} 4. Nf3 {[%emt 0:00:06]} d6 {[%emt 0:00:24]} 5. g3 {[%emt 0:00:07]} O-O {[%emt 0:00:40]} 6. Bg2 {[%emt 0:00:16]} c5 {[%emt 0:01:22]} 7. O-O {[%emt 0:00:36]} Nc6 {[%emt 0:01:04]} 8. dxc5 {[%emt 0:00:08]} dxc5 {[%emt 0:00:30]} 9. Bf4 {[%emt 0:00:20]} Nh5 {[%emt 0:18:10]} 10. Be3 {[%emt 0:11:41]} b6 {[%emt 0:04:46]} 11. Qc1 {[%emt 0:07:13]} Be6 {[%emt 0:07:21]} ({RR} 11... Bb7 12. Bh6 Qe8 13. g4 Nf6 14. h3 Rd8 15. Qe3 Nd4 16. Bxg7 Kxg7 17. Qe5 Nc6 18. Qg3 Rd7 19. Rad1 Rxd1 20. Rxd1 Qb8 21. g5 Nh5 22. Qxb8 Rxb8 23. e3 Kf8 24. b3 Ng7 25. Nb5 Ne6 26. h4 {½-½ Mamedyarov,S (2759)-Jones,G (2669) Chessable Masters Prelim rapid 2022 (13)}) ({RR} 11... Bb7 12. Rd1 Qe8 13. Bh6 Rd8 14. Rxd8 Nxd8 15. Bxg7 Nxg7 16. Qf4 Nde6 17. Qe5 f6 18. Qe3 Qf7 19. Rd1 Nf5 20. Qc1 Rd8 21. e3 Nd6 22. b3 g5 23. Nd5 g4 24. Nh4 Ng5 25. e4 e6 26. Ne3 {1-0 Piddubna,B (2035)-Bolat,I (2241) Titled Tue 2nd Jan Early 2024 (10)}) 12. Ng5 $146 {[%emt 0:06:07]} ({RR} 12. Rd1 Qe8 13. Nd5 Rc8 14. Bh6 f6 15. Bxg7 Nxg7 16. a3 Kh8 17. Qc3 Nf5 18. e3 Nd6 19. Nd2 Bxd5 20. Bxd5 Ne5 21. f4 Nd7 22. Be6 Rc7 23. e4 Qa8 24. Re1 Qc6 25. e5 Ne8 26. Bd5 Qa4 {1-0 Rustemov,A (2525)-Yang,K (2481) Titled Tuesday intern op 08th Feb Early blitz 2022 (5)}) ({RR} 12. Rd1 Qc8 13. b3 Bh3 14. Bh6 Bxg2 15. Kxg2 Qb7 16. Bxg7 Nxg7 17. Nd5 f6 18. Rd3 e6 19. Nf4 g5 20. Nh3 g4 21. Qh6 Ne5 22. Rc3 Rad8 23. Nf4 gxf3+ 24. exf3 Rd4 25. Re1 Qc6 26. Qh3 Rfd8 {0-1 Rustemov,A (2525)-Yang,K (2481) Chess.com Rapid Wk14 Swiss 2022 (4)}) 12... Qc8 {[%emt 0:08:22]} 13. Nxe6 {[%emt 0:05:13]} Qxe6 {[%emt 0:00:51]} 14. Bd5 {[%emt 0:04:55]} Qc8 {[%emt 0:05:50]} 15. Rd1 {[%emt 0:04:36]} Nf6 {[%emt 0:06:27]} 16. Bg2 {[%emt 0:02:07]} Rb8 {[%emt 0:02:26]} 17. Bf4 {[%emt 0:04:49]} e5 {[%emt 0:01:19]} 18. Bg5 {[%emt 0:09:45]} Qe6 {[%emt 0:00:56]} 19. Bxf6 {[%emt 0:05:51]} Bxf6 {[%emt 0:01:21]} 20. e3 {[%emt 0:00:06]} Rbd8 {[%emt 0:00:48]} 21. Nd5 {[%emt 0:00:35]} Bg5 {[%emt 0:05:42]} 22. Qc3 {[%emt 0:02:19]} e4 {[%emt 0:04:39]} 23. h4 {[%emt 0:01:07]} Be7 {[%emt 0:01:09]} 24. Nf4 {[%emt 0:06:15]} Rxd1+ {[%emt 0:08:06]} 25. Rxd1 {[%emt 0:00:03]} Qe5 {[%emt 0:01:13]} 26. Qxe5 {[%emt 0:02:57]} Nxe5 {[%emt 0:00:10]} 27. Bxe4 {[%emt 0:00:31]} Nxc4 {[%emt 0:01:11]} 28. Rd7 {[%emt 0:00:14]} Bd8 {[%emt 0:02:15]} 29. b3 {[%emt 0:00:44]} Ne5 {[%emt 0:00:48]} 30. Rxa7 {[%emt 0:00:36]} Kg7 {[%emt 0:01:56]} 31. Ne6+ {[%emt 0:00:08]} 1-0

[Event "45th Olympiad Budapest 2024"]
[Site "Budapest"]
[Date "2024.09.13"]
[Round "3"]
[Board "2"]
[White "Recica, Jona"]
[Black "Silva, Ana Ines Teixeira Da"]
[Result "1/2-1/2"]
[WhiteElo "1791"]
[BlackElo "1925"]
[PlyCount "96"]
[EventDate "2024.09.11"]
[EventType "team-tourn"]
[EventRounds "11"]
[EventCountry "HUN"]
[WhiteTeam "Kosovo *"]
[BlackTeam "Portugal"]
[BlackTeamCountry "POR"]

1. e4 {[%emt 0:00:02]} e5 {[%emt 0:00:19]} 2. Nf3 {[%emt 0:00:04]} Nc6 {[%emt 0:00:04]} 3. d4 {[%emt 0:00:04]} exd4 {[%emt 0:00:04]} 4. Bc4 {[%emt 0:00:03]} Nf6 {[%emt 0:00:06]} 5. Ng5 {[%emt 0:00:08]} d5 {[%emt 0:05:05]} 6. exd5 {[%emt 0:00:06]} Qe7+ {[%emt 0:02:09]} 7. Kf1 {[%emt 0:00:08]} Ne5 {[%emt 0:07:34]} 8. Qxd4 {[%emt 0:00:11]} Nxc4 {[%emt 0:16:52]} 9. Qxc4 {[%emt 0:00:07]} h6 {[%emt 0:02:09]} ({RR} 9... Qd7 10. Nc3 Bd6 11. Be3 O-O 12. Rd1 Re8 13. h3 Qf5 14. g4 Qxc2 15. Rd2 Qg6 16. Nf3 Ne4 17. Nxe4 Rxe4 18. Qc2 Re8 19. Qxg6 hxg6 20. Kg2 f5 21. g5 f4 22. Bd4 Bf5 23. Nh4 Be4+ 24. f3 {½-½ Tomczak,J (2588)-Buhmann,R (2584) EU-ch blitz Katowice 2017 (13)}) 10. Nf3 {[%emt 0:01:36]} ({RR} 10. Nc3 hxg5 11. Bxg5 Qd8 12. Re1+ Be7 13. d6 cxd6 14. Nd5 Nxd5 15. Qxd5 f6 16. Bf4 Kf8 17. h4 Qd7 18. h5 Qf5 19. Qd4 Qc5 20. Qe4 d5 21. Qg6 Bd7 22. h6 gxh6 23. Bxh6+ Rxh6 24. Rxh6 {1-0 Janaszak,D (2308)-Parfenov,V (2193) Titled Tue 12th Mar Early 2024 (4)}) 10... Bg4 {[%emt 0:18:53]} 11. Qb5+ $146 {[%emt 0:03:55]} ({RR} 11. Nc3 Bxf3 12. gxf3 Qc5 13. Qxc5 Bxc5 14. Ne4 Be7 15. c4 O-O-O 16. Be3 b6 17. Rg1 Nh5 18. Rd1 g5 19. Ng3 Nxg3+ 20. fxg3 c6 21. Rg2 cxd5 22. cxd5 Rhe8 23. Rc2+ Kb7 24. Kf2 Rd7 25. g4 Bd6 {½-½ Hasselmann,D-Arning,N Mecklenburg VP LL2 0607 2006 (8.1)}) 11... Qd7 {[%emt 0:12:15]} 12. Qxd7+ {[%emt 0:04:41]} Nxd7 {[%emt 0:01:21]} 13. c4 {[%emt 0:01:36]} O-O-O {[%emt 0:07:13]} 14. Be3 {[%emt 0:04:20]} Bxf3 {[%emt 0:05:33]} 15. gxf3 {[%emt 0:01:57]} Ne5 {[%emt 0:03:16]} 16. Nd2 {[%emt 0:02:57]} Bb4 {[%emt 0:03:53]} 17. Bd4 {[%emt 0:04:42]} Rhe8 {[%emt 0:01:36]} 18. Bxe5 {[%emt 0:03:46]} Rxe5 {[%emt 0:00:10]} 19. Ne4 {[%emt 0:01:27]} f5 {[%emt 0:01:03]} 20. Ng3 {[%emt 0:00:31]} c6 {[%emt 0:04:07]} 21. f4 {[%emt 0:03:06]} Re7 {[%emt 0:01:06]} 22. Rd1 {[%emt 0:03:04]} g6 {[%emt 0:01:34]} 23. a3 {[%emt 0:04:24]} Bd6 {[%emt 0:01:05]} 24. Ne2 {[%emt 0:11:00]} Re4 25. Rd4 {[%emt 0:10:29]} Rde8 {[%emt 0:00:34]} 26. dxc6 {[%emt 0:05:57]} Rxd4 {[%emt 0:00:06]} 27. cxb7+ {[%emt 0:00:19]} Kxb7 {[%emt 0:00:04]} 28. Nxd4 {[%emt 0:00:27]} Re4 {[%emt 0:01:02]} 29. Nb5 {[%emt 0:01:39]} Bxf4 {[%emt 0:00:19]} 30. b3 {[%emt 0:00:31]} Be5 {[%emt 0:01:27]} 31. a4 {[%emt 0:01:55]} a6 {[%emt 0:00:42]} 32. Na3 {[%emt 0:00:11]} Rd4 {[%emt 0:00:40]} 33. Ke2 {[%emt 0:01:11]} Re4+ {[%emt 0:00:50]} 34. Kd1 {[%emt 0:02:24]} Rf4 {[%emt 0:00:42]} 35. Ke2 {[%emt 0:02:33]} Rh4 {[%emt 0:01:00]} 36. h3 {[%emt 0:01:55]} g5 {[%emt 0:00:26]} 37. Kf3 {[%emt 0:01:26]} Rd4 {[%emt 0:00:21]} 38. Ke3 {[%emt 0:01:16]} Re4+ {[%emt 0:00:40]} 39. Kf3 {[%emt 0:00:45]} Rf4+ {[%emt 0:00:24]} 40. Kg2 {[%emt 0:01:23]} Rd4 {[%emt 0:00:55]} 41. Re1 {[%emt 0:00:53]} Bd6 {[%emt 0:00:37]} 42. Nc2 {[%emt 0:01:41]} Rd2 {[%emt 0:03:42]} 43. Re6 {[%emt 0:01:53]} Bc5 {[%emt 0:03:28]} 44. Ne3 {[%emt 0:09:03]} f4 {[%emt 0:01:56]} 45. Ng4 {[%emt 0:03:20]} h5 {[%emt 0:03:34]} 46. Nf6 {[%emt 0:04:54]} Rxf2+ {[%emt 0:00:52]} 47. Kh1 {[%emt 0:00:09]} Rf1+ {[%emt 0:08:37]} 48. Kh2 {[%emt 0:02:40]} Rf2+ {[%emt 0:00:11]} 1/2-1/2

[Event "45th Olympiad Budapest 2024"]
[Site "Budapest"]
[Date "2024.09.13"]
[Round "3"]
[Board "3"]
[White "Duque, Raquel Dos Santos"]
[Black "Saraci, Rinesa"]
[Result "0-1"]
[WhiteElo "1913"]
[BlackElo "1757"]
[PlyCount "90"]
[EventDate "2024.09.11"]
[EventType "team-tourn"]
[EventRounds "11"]
[EventCountry "HUN"]
[WhiteTeam "Portugal"]
[BlackTeam "Kosovo *"]
[WhiteTeamCountry "POR"]

1. d4 {[%emt 0:00:03]} Nf6 {[%emt 0:00:10]} 2. Nf3 {[%emt 0:00:05]} e6 {[%emt 0:00:10]} 3. g3 {[%emt 0:00:06]} d5 {[%emt 0:00:16]} 4. Bg2 {[%emt 0:00:06]} c5 {[%emt 0:00:54]} 5. O-O {[%emt 0:00:24]} Be7 {[%emt 0:00:30]} 6. dxc5 {[%emt 0:01:35]} Bxc5 {[%emt 0:00:55]} 7. c4 {[%emt 0:00:43]} O-O {[%emt 0:03:21]} 8. Qc2 {[%emt 0:01:21]} Qb6 {[%emt 0:07:21]} ({RR} 8... Be7 9. Rd1 Nc6 10. Nc3 Bd7 11. Bf4 Rc8 12. cxd5 exd5 13. Qd3 Nb4 14. Qd2 Be6 15. Nd4 Nc6 16. Rac1 Qd7 17. Nxe6 fxe6 18. Bg5 Ng4 19. Bxe7 Qxe7 20. Rf1 Nce5 21. h3 Nc4 22. Qd4 Nge5 23. b3 {1-0 Kraai,J (2502)-Sadorra,J (2431) WMSG Blitz Team 1st 2008 (3)}) ({RR} 8... Na6 9. Rd1 Bd7 10. Ne5 Bc6 11. Nxc6 bxc6 12. Nc3 h6 13. cxd5 cxd5 14. e4 Ng4 15. exd5 Nxf2 16. Rf1 Nb4 17. Qe2 Nfd3+ 18. Be3 Qb6 19. Bxc5 Qxc5+ 20. Kh1 exd5 21. a3 Rae8 22. Qf3 Ne5 23. Qf4 {1-0 Ishvi,A (2008)-Samaganova,A (1948) WSCC Speed Play-In 2 2024 (8)}) 9. Nc3 {[%emt 0:08:32]} Be7 $146 {[%emt 0:11:12]} ({RR} 9... Bd7 10. cxd5 exd5 11. Bg5 Qd6 12. Rad1 Na6 13. e4 Rae8 14. e5 Rxe5 15. Nxe5 Qxe5 16. Bxf6 Qxf6 17. Nxd5 Qg5 18. h4 Qe5 19. Rfe1 Qxg3 20. Qxc5 Qxg2+ 21. Kxg2 Nxc5 22. b4 Bc6 23. bxc5 Rd8 24. Kg3 {1-0 Andriessen,W-Rietveld,J Alkmaar op-B 1982}) ({RR} 9... Bd7 10. Ne5 Qc7 11. Nxd7 Nbxd7 12. cxd5 exd5 13. Qb3 d4 14. Na4 Rae8 15. Bf4 Qa5 16. Nxc5 Nxc5 17. Qc4 Qb6 18. Qxd4 Rxe2 19. Bd6 Rd8 20. Qc4 Qa6 21. Qxc5 Rxd6 22. Rfe1 Rdd2 23. Rxe2 Rxe2 24. Bf1 {1-0 Ngo T Thanh,T-Le T Kim,H VIE-ch U17 Girls 2003 (7)}) ({RR} 9... Bd7 10. cxd5 Nxd5 11. Nxd5 exd5 12. Ng5 g6 13. Bxd5 Na6 14. Qb3 Qxb3 15. Bxb3 Kg7 16. Rd1 Bc6 17. Bd2 Bd4 18. Bc3 Bxc3 19. bxc3 h6 20. Nf3 Bxf3 21. exf3 Rfd8 22. Re1 Nc5 23. Bc4 Kf8 24. Re3 {1-0 Cespedes Torres,J (1772)-Casusol Guzman,J Chiclayo Raffo Niquen IRT 1st 2012 (7)}) 10. Be3 {[%emt 0:04:53]} Qa5 {[%emt 0:18:47]} 11. cxd5 {[%emt 0:08:14]} Nxd5 {[%emt 0:08:43]} 12. Nxd5 {[%emt 0:00:21]} exd5 {[%emt 0:00:39]} 13. Nd4 {[%emt 0:05:57]} Be6 {[%emt 0:05:43]} 14. Rfd1 {[%emt 0:04:15]} Rc8 {[%emt 0:09:54]} 15. Qb3 {[%emt 0:03:42]} Nc6 {[%emt 0:06:27]} 16. Qb4 {[%emt 0:04:22]} b6 17. Qxb6 Qb4 {[%emt 0:07:28]} 18. Qa6 {[%emt 0:09:44]} Nxd4 {[%emt 0:02:54]} 19. Bxd4 {[%emt 0:00:28]} Rc4 {[%emt 0:05:31]} 20. Bc3 {[%emt 0:07:01]} Qc5 {[%emt 0:00:39]} 21. a3 {[%emt 0:08:27]} Rd8 22. Bb4 {[%emt 0:01:23]} Qc7 {[%emt 0:00:09]} 23. Ba5 {[%emt 0:03:36]} Rd6 {[%emt 0:02:35]} 24. Qb5 {[%emt 0:02:07]} Qd7 {[%emt 0:01:02]} 25. Qb3 {[%emt 0:01:11]} Rdc6 {[%emt 0:01:27]} 26. Qd3 {[%emt 0:02:07]} Ra4 {[%emt 0:00:35]} 27. b4 {[%emt 0:01:11]} Bf6 {[%emt 0:00:06]} 28. Rab1 {[%emt 0:01:39]} Rc3 {[%emt 0:00:28]} 29. Qd2 {[%emt 0:03:56]} Rcxa3 {[%emt 0:00:51]} 30. Rbc1 {[%emt 0:02:10]} Ra2 {[%emt 0:00:28]} 31. Qf4 {[%emt 0:00:10]} h6 {[%emt 0:00:35]} 32. Be4 {[%emt 0:00:53]} Qb5 {[%emt 0:00:24]} 33. Rc5 {[%emt 0:03:55]} Qe8 {[%emt 0:00:11]} 34. Bd3 {[%emt 0:02:34]} Ra1 {[%emt 0:00:57]} 35. Rxa1 {[%emt 0:03:06]} Rxa1+ {[%emt 0:00:06]} 36. Kg2 {[%emt 0:00:13]} Bg5 {[%emt 0:00:35]} 37. Qc7 {[%emt 0:01:04]} Bg4 {[%emt 0:00:46]} 38. f3 {[%emt 0:01:44]} Be6 {[%emt 0:00:28]} 39. f4 {[%emt 0:02:14]} Bf6 {[%emt 0:00:30]} 40. Rb5 {[%emt 0:01:49]} Bd4 {[%emt 0:00:36]} 41. e3 {[%emt 0:00:06]} Ra2+ {[%emt 0:00:24]} 42. Kf3 {[%emt 0:01:34]} h5 {[%emt 0:14:33]} 43. Bc2 {[%emt 0:09:20]} Bg4+ {[%emt 0:00:59]} 44. Kg2 {[%emt 0:01:12]} Qe4+ {[%emt 0:00:08]} 45. Kf1 {[%emt 0:01:46]} Ra1+ {[%emt 0:00:13]} 0-1

[Event "45th Olympiad Budapest 2024"]
[Site "Budapest"]
[Date "2024.09.13"]
[Round "3"]
[Board "4"]
[White "Saraci, Ndriqona"]
[Black "Avelino, Camila Biscaya"]
[Result "0-1"]
[WhiteElo "1656"]
[BlackElo "1843"]
[PlyCount "74"]
[EventDate "2024.09.11"]
[EventType "team-tourn"]
[EventRounds "11"]
[EventCountry "HUN"]
[WhiteTeam "Kosovo *"]
[BlackTeam "Portugal"]
[BlackTeamCountry "POR"]

1. e4 {[%emt 0:00:02] ChessBase II} c5 {[%emt 0:00:28]} 2. Nf3 {[%emt 0:00:17]} d6 {[%emt 0:00:17]} 3. d4 {[%emt 0:01:40]} ({RR} 3. Bb5+) 3... cxd4 {[%emt 0:00:07]} 4. Nxd4 {[%emt 0:00:06]} Nf6 {[%emt 0:00:09]} 5. Nc3 {[%emt 0:01:11]} Nc6 {[%emt 0:00:06]} 6. Bc4 {[%emt 0:02:06]} Qb6 {[%emt 0:04:15]} 7. Nf3 {[%emt 0:14:11]} ({RR} 7. Nxc6 bxc6 8. O-O g6 9. Qe1) ({RR} 7. Nb3 e6 8. O-O Be7 9. Be3) 7... g6 {[%emt 0:21:40]} ({RR} 7... e6) ({RR} 7... e6 8. O-O Bd7 9. Be3 Qc7 10. Qe2 a6 11. Rad1 Be7 12. Bb3 O-O 13. h3 b5 14. Bf4 Ne5 15. Bh2 Rac8 16. Nd4 Rfd8 17. f4 Nc4 18. e5 Nxb2 19. exf6 Bxf6 20. Ne4 Nxd1 21. Nxf6+ gxf6 22. Rxd1 {1-0 Dourerassou,J (2477)-Lewtak,D (2404) Titled Tuesday intern op 26th Jan blitz 2021 (6)}) ({RR} 7... e6 8. O-O Be7 9. Bb3 O-O 10. Be3 Qc7 11. Nd4 a6 12. a4 Ne5 13. Qe2 Bd7 14. f4 Neg4 15. Kh1 Nxe3 16. Qxe3 Qc5 17. Qd2 b5 18. Qd3 b4 19. Nce2 e5 20. fxe5 dxe5 21. Nf5 Bxf5 22. Rxf5 {½-½ De la Vega Alvarez,J (1744)-Klisowski,B (1885) Wroclaw Open B 2024 (2.36)}) 8. Be3 $146 {[%emt 0:02:48]} ({RR} 8. h3 Bg7 9. O-O O-O 10. Re1 Rd8 11. Rb1 e6 12. a3 Nxe4 13. Nxe4 d5 14. Bd3 dxe4 15. Rxe4 e5 16. Re2 ({RR} 16. Be3 Qc7 17. Rh4) 16... Bf5 17. Nh4 Nd4 {0-1 Salem,A-Flores,M WchT U26 01 prel-3 1978 (1)} ({RR} 17... e4)) ({RR} 8. O-O Bg7 9. Qe2 O-O 10. Bb3 Bd7 11. Be3 Qa5) ({RR} 8. O-O Bg7 9. Nd5 Qd8 10. Re1 Bg4 11. h3 Bxf3 12. Qxf3 Ne5 13. Bb5+ Nfd7 14. Bxd7+ Qxd7 15. Qb3 O-O 16. Bd2 e6 17. f4 Nc6 18. Ne3 Rac8 19. c3 Ne7 20. Rad1 Rfd8 21. Nc4 Qc6 22. Na5 Qc5+ {0-1 Velopoulos,I-Samaras,G Ptolemaida Atomiko op 10th 2009 (7)}) ({RR} 8. O-O Bg7 9. Ng5 O-O 10. Nxf7 Rxf7 11. Bxf7+ Kxf7 12. Nd5 Qd4 13. Nxf6 Bxf6 14. Qf3 Be6 15. c3 Qc4 16. Re1 Ne5 17. Qf4 Nd3 18. Qe3 Nxe1 19. Qxe1 Rc8 20. Qe3 Qc5 21. Qf3 b5 22. Be3 Qc4 {0-1 Blazys,T-Pidluznij,G (1756) LTU-chT Lithuania 2018 (4.5)}) 8... Qxb2 {[%emt 0:14:20]} 9. Nd5 {[%emt 0:06:54]} Nxd5 {[%emt 0:02:42]} 10. Bxd5 {[%emt 0:06:41]} Bg7 {[%emt 0:08:12]} 11. Bxc6+ {[%emt 0:03:50]} bxc6 {[%emt 0:01:10]} 12. Bd4 {[%emt 0:01:07]} Bxd4 {[%emt 0:01:00]} 13. Qxd4 {[%emt 0:01:21]} Qxd4 {[%emt 0:00:13]} 14. Nxd4 {[%emt 0:00:05]} c5 {[%emt 0:00:12]} 15. Nb5 {[%emt 0:01:57]} Kd7 {[%emt 0:02:21]} 16. Rd1 {[%emt 0:01:22]} Ba6 {[%emt 0:03:58]} 17. a4 {[%emt 0:00:41]} Bxb5 {[%emt 0:00:39]} 18. axb5 {[%emt 0:00:02]} Rhb8 {[%emt 0:00:21]} 19. c4 {[%emt 0:00:45]} a6 {[%emt 0:00:13]} 20. bxa6 {[%emt 0:07:13]} Rxa6 {[%emt 0:00:06]} 21. Ke2 {[%emt 0:00:28]} Rb2+ {[%emt 0:06:53]} 22. Rd2 {[%emt 0:02:23]} Rxd2+ {[%emt 0:03:05]} 23. Kxd2 {[%emt 0:00:11]} Ra2+ {[%emt 0:00:05]} 24. Ke3 {[%emt 0:00:29]} Rc2 {[%emt 0:00:05]} 25. f3 {[%emt 0:02:46]} Rxc4 {[%emt 0:00:43]} 26. Kd3 {[%emt 0:00:13]} Ra4 {[%emt 0:00:33]} 27. h4 {[%emt 0:02:35]} Ke6 {[%emt 0:02:06]} 28. f4 {[%emt 0:05:50]} f5 29. exf5+ {[%emt 0:02:39]} Kxf5 {[%emt 0:00:06]} 30. h5 {[%emt 0:02:14]} Rxf4 {[%emt 0:01:08]} 31. hxg6 {[%emt 0:00:14]} hxg6 {[%emt 0:00:06]} 32. Rh7 {[%emt 0:00:34]} Kf6 {[%emt 0:00:09]} 33. Rh8 {[%emt 0:00:35]} Rg4 {[%emt 0:00:22]} 34. Rf8+ {[%emt 0:00:39]} Ke5 {[%emt 0:00:07]} 35. Rf2 {[%emt 0:00:29]} Kd5 {[%emt 0:00:13]} 36. Re2 {[%emt 0:00:52]} e5 {[%emt 0:00:11]} 37. Kc3 {[%emt 0:00:18]} c4 {[%emt 0:00:37]} 0-1

[Event "45th Olympiad Budapest 2024"]
[Site "Budapest"]
[Date "2024.09.13"]
[Round "3"]
[Board "1"]
[White "Strade, Arita"]
[Black "Perez Rodriguez, Jennifer"]
[Result "0-1"]
[WhiteElo "1946"]
[BlackElo "2224"]
[PlyCount "60"]
[EventDate "2024.09.11"]
[EventType "team-tourn"]
[EventRounds "11"]
[EventCountry "HUN"]
[WhiteTeam "Guernsey"]
[BlackTeam "Paraguay"]
[BlackTeamCountry "PAR"]

1. e4 {[%emt 0:00:03]} e5 {[%emt 0:00:16]} 2. f4 {[%emt 0:00:24]} d5 {[%emt 0:01:07]} 3. exd5 {[%emt 0:00:45]} exf4 {[%emt 0:00:27]} 4. Nf3 {[%emt 0:00:45]} Nf6 {[%emt 0:01:18]} 5. c4 {[%emt 0:02:27]} Bd6 {[%emt 0:08:44]} 6. Be2 {[%emt 0:16:27]} ({RR} 6. d4 O-O 7. Be2 c5 8. dxc6 Nxc6 9. Nc3 Bg4 10. O-O Bc7 11. d5 Bxf3 12. Bxf3 Ne5 13. c5 Nxf3+ 14. Rxf3 Be5 15. d6 Rc8 16. Bxf4 Rxc5 17. Bxe5 Rxe5 18. Qd4 Rfe8 19. Rd1 Qd7 20. h3 h6 {1-0 Livaic,L (2576)-Estrada Nieto,J (2263) Titled Tuesday intern op 26th Jul Late blitz 2022 (3)}) ({RR} 6. d4 O-O 7. Be2 c6 8. dxc6 Nxc6 9. O-O Bg4 10. Nc3 Re8 11. c5 Bf8 12. Bxf4 Bxf3 13. Bxf3 Qxd4+ 14. Qxd4 Nxd4 15. Bxb7 Bxc5 16. Na4 Bf8 17. Bxa8 Rxa8 18. Be5 Ne2+ 19. Kh1 Ng4 20. Nc3 Nxe5 {1-0 Karaev,S (2280)-George Micheal,K (2271) Titled Tue 2nd Jul Early 2024 (6)}) 6... O-O {[%emt 0:00:56]} 7. O-O {[%emt 0:00:29]} Re8 {[%emt 0:06:14]} 8. Nc3 {[%emt 0:02:22]} h6 $146 {[%emt 0:02:50]} ({RR} 8... Bg4 9. d4 Na6 10. Qb3 Rb8 11. c5 Nxc5 12. dxc5 Bxc5+ 13. Kh1 Bd6 14. Bd2 Nh5 15. Bd3 h6 16. Qc2 a6 17. a4 Nf6 18. Bc4 Bh5 19. Rae1 Qd7 20. Nd4 g5 21. Qf5 Qd8 22. Rxe8+ Nxe8 23. Qh3 {½-½ Schildt,R-Keil,U Berlin Unicorn op 2004 (1)}) ({RR} 8... Nbd7 9. d4 b6 10. Nb5 Nf8 11. Nxd6 Qxd6 12. Ne5 Qe7 13. Bd3 Bb7 14. Bxf4 Qb4 15. Rf2 N8d7 16. Nxd7 Nxd7 17. d6 cxd6 18. a3 Qa5 19. b4 Qa6 20. b5 {1-0 Huisman,H (2062)-Nord,A (1810) FRA-chT2A 0506 2005 (11.8)}) 9. Nb5 {[%emt 0:10:30]} Bf8 {[%emt 0:01:01]} 10. d4 {[%emt 0:04:08]} g5 {[%emt 0:00:16]} 11. Ne5 {[%emt 0:06:34]} c6 {[%emt 0:00:27]} 12. dxc6 {[%emt 0:10:58]} bxc6 {[%emt 0:02:13]} 13. Nc3 {[%emt 0:01:44]} Qc7 {[%emt 0:13:59]} 14. Bf3 {[%emt 0:07:09]} Bb7 {[%emt 0:01:05]} 15. Nd3 {[%emt 0:14:01]} Nbd7 {[%emt 0:00:55]} 16. Bd2 {[%emt 0:02:13]} Rad8 {[%emt 0:00:41]} 17. Qc2 {[%emt 0:00:40]} Nb6 {[%emt 0:01:16]} 18. Ne2 {[%emt 0:00:21]} Bc8 {[%emt 0:01:52]} 19. Ne5 {[%emt 0:02:25]} c5 {[%emt 0:08:16]} 20. Nc6 {[%emt 0:04:13]} cxd4 {[%emt 0:01:03]} 21. Nxd8 {[%emt 0:06:10]} Rxd8 {[%emt 0:00:02]} 22. Qd3 {[%emt 0:01:04]} Qxc4 {[%emt 0:00:32]} 23. Be4 {[%emt 0:01:08]} Nxe4 {[%emt 0:00:50]} 24. Qxe4 {[%emt 0:00:05]} d3 {[%emt 0:00:08]} 25. Nc3 {[%emt 0:00:55]} Qc5+ {[%emt 0:00:43]} 26. Kh1 {[%emt 0:00:17]} Nc4 {[%emt 0:01:29]} 27. Qe1 {[%emt 0:01:17]} Bb7 {[%emt 0:02:10]} 28. b3 {[%emt 0:01:29]} Ne3 {[%emt 0:01:01]} 29. Bxe3 {[%emt 0:00:33]} fxe3 {[%emt 0:00:01]} 30. Nd1 {[%emt 0:01:28]} e2 {[%emt 0:00:21]} 0-1

[Event "45th Olympiad Budapest 2024"]
[Site "Budapest"]
[Date "2024.09.13"]
[Round "3"]
[Board "2"]
[White "Vargas, Gabriela"]
[Black "Nevska, Gerda"]
[Result "1-0"]
[WhiteElo "2109"]
[BlackElo "1892"]
[PlyCount "63"]
[EventDate "2024.09.11"]
[EventType "team-tourn"]
[EventRounds "11"]
[EventCountry "HUN"]
[WhiteTeam "Paraguay"]
[BlackTeam "Guernsey"]
[WhiteTeamCountry "PAR"]

1. d4 {[%emt 0:00:03]} e5 {[%emt 0:00:32]} 2. dxe5 {[%emt 0:00:25]} d6 {[%emt 0:00:13]} 3. Nf3 {[%emt 0:00:58]} Nc6 {[%emt 0:00:09]} 4. Bf4 {[%emt 0:02:32]} Bg4 {[%emt 0:01:18]} 5. Nc3 {[%emt 0:09:18]} Bxf3 {[%emt 0:10:35]} 6. exf3 {[%emt 0:00:24]} dxe5 {[%emt 0:00:10]} 7. Qxd8+ $146 {[%emt 0:01:43]} ({RR} 7. Be3 Bb4 8. Bb5 Nge7 9. Qe2 Bxc3+ 10. bxc3 O-O 11. Rd1 Qc8 12. Bc5 Rd8 13. O-O a6 14. Ba4 Nd5 15. Bxc6 bxc6 16. Rd3 Qf5 17. Rfd1 Re8 18. Qe4 Qe6 19. g3 f5 20. Qa4 e4 21. fxe4 fxe4 {0-1 Pinheiro,I (2306)-Arslanov,S (2410) Titled Tue 28th Nov Early 2023 (8)}) ({RR} 7. Be3 Bd6 8. Bc4 Nf6 9. O-O Qd7 10. Ne4 Nxe4 11. fxe4 O-O-O 12. c3 f5 13. exf5 Qxf5 14. Qb3 Qh5 15. Be6+ Kb8 16. Bd5 e4 17. g3 Bxg3 18. fxg3 Rxd5 19. Rae1 Ne5 20. Qa4 b6 21. Qxe4 Ng4 {1-0 Le Tuan Minh (2567)-Arslanov,S (2410) Titled Tue 18th Jun Early 2024 (2)}) ({RR} 7. Be3 Bb4 8. Bb5 Nge7 9. O-O O-O 10. Ne2 Nd5 11. Bxc6 bxc6 12. Bd2 Bc5 13. Nc3 f5 14. Qe2 Bd4 15. Qc4 Qd6 16. Rad1 Kh8 17. Bc1 Rab8 18. f4 Bxc3 19. bxc3 exf4 20. Qa4 Qc5 21. Ba3 Qxc3 {0-1 Wu,D (2278)-Arslanov,S (2410) Titled Tue 27th Aug Late 2024 (11)}) 7... Rxd8 {[%emt 0:00:06]} 8. Bd2 {[%emt 0:00:05]} Bc5 {[%emt 0:07:44]} 9. Ne4 {[%emt 0:11:34]} Bb6 {[%emt 0:00:45]} 10. Bd3 {[%emt 0:05:39]} Nge7 {[%emt 0:04:06]} 11. a3 {[%emt 0:05:10]} a6 {[%emt 0:05:04]} 12. O-O {[%emt 0:01:18]} O-O {[%emt 0:00:46]} 13. Rad1 {[%emt 0:02:19]} h6 {[%emt 0:04:34]} 14. Be3 {[%emt 0:02:49]} Nd4 {[%emt 0:22:04]} 15. c3 {[%emt 0:03:38]} f5 {[%emt 0:06:25]} 16. Bc4+ {[%emt 0:05:18]} Kh8 {[%emt 0:00:16]} 17. cxd4 {[%emt 0:04:52]} exd4 {[%emt 0:00:31]} 18. Bg5 {[%emt 0:02:19]} hxg5 {[%emt 0:03:07]} 19. Nxg5 {[%emt 0:00:06]} Rd7 {[%emt 0:01:11]} 20. Be6 {[%emt 0:03:26]} Rdd8 {[%emt 0:05:31]} 21. Nf7+ {[%emt 0:01:12]} Rxf7 {[%emt 0:00:07]} 22. Bxf7 {[%emt 0:00:03]} Nd5 {[%emt 0:03:10]} 23. Rfe1 {[%emt 0:02:13]} Kh7 {[%emt 0:03:02]} 24. Re5 {[%emt 0:02:49]} c6 {[%emt 0:05:54]} 25. Bxd5 {[%emt 0:00:53]} cxd5 {[%emt 0:00:35]} 26. Kf1 {[%emt 0:01:14]} Rc8 {[%emt 0:03:05]} 27. Ke2 {[%emt 0:00:50]} Rc2+ {[%emt 0:01:37]} 28. Rd2 {[%emt 0:00:27]} Rc6 {[%emt 0:03:38]} 29. Kd3 {[%emt 0:03:02]} Kg6 {[%emt 0:00:44]} 30. Rxd5 {[%emt 0:00:07]} a5 {[%emt 0:02:04]} 31. Re2 {[%emt 0:01:33]} Bc5 {[%emt 0:00:33]} 32. Rc2 {[%emt 0:00:42]} 1-0